000 01344nam a22004577a 4500
999 _c36351
_d36351
003 OSt
005 20230922133908.0
008 230922b ||||| |||| 00| 0 spa d
020 _a978-987-813-452-9
040 _cBiblioteca Ernesto Sábato
092 _a303.498 2
_bP673
_eBDGR
100 _a
245 _aPISAC COVID-19
_b: la sociedad argentina en la postpandemia
250 _a1a. ed.
260 _aBuenos Aires
_bCLACSO
_c2023
300 _a3 v.
500 _aCONTENIDO: Vol. 1: Estado y políticas públicas Seguridad Vol. 2: Trabajo Comunicación y territorios Vol 3: Salud y género Educación
650 _aPANDEMIA
650 _2
_aPOSTPANDEMIA
650 _aARGENTINA
650 _aSOCIEDAD
650 _aCAMBIO SOCIAL
650 _aEDUCACION
650 _aSALUD Y GENERO
650 _aPOLITICAS PUBLICAS
650 _aSEGURIDAD
650 _aESTADO
650 _aTRABAJO
650 _a
700 _aFernando Peirano
700 _aGuido Giogi
700 _aJuan Ignacio Piovani
700 _aMaría Mercedes Di Virgilio
700 _aMariana Heredia
700 _aPatricia Nari
700 _aOscar Oszlak
700 _aAndrés Ponce de León
700 _aJosé Garriga Zucal
700 _aRoberto Luis Gustavo González
942 _2ddc
_cCLACSO